Année d'entrée dans l'Union Européenne - Statistiques

Statistiques générales
  • Ce quiz a été pris 397 fois
  • Le résultat moyen est 26 sur 36
Statistiques - réponses
Hint Réponse % Correct
France
98%
Allemagne / RFA / République Fédérale d'Allemagne
96%
Italie
96%
Belgique
94%
Espagne
92%
Pays-Bas
91%
Portugal
90%
Royaume-Uni
90%
Irlande
87%
Luxembourg
87%
Suède
87%
Grèce
85%
Autriche
84%
Finlande
84%
Danemark
83%
Croatie
81%
Pologne
81%
Estonie
80%
Lettonie
80%
Lituanie
80%
Slovaquie
78%
Slovénie
78%
Hongrie
77%
République Tchèque
76%
Bulgarie
75%
Roumanie
74%
Chypre
63%
Europe des 15 1995
38%
Europe des 25 2004
38%
Europe des 6 1958
37%
Europe des 10 1981
37%
Europe des 12 1986
36%
Europe des 28 2013
36%
Europe des 9 1973
35%
Europe des 27 2007
35%
Malte
26%
Aucun quiz correspondant
Distribution des résultats
% des personnes avec chaque résultat
Percentile par nombre de réponses
Votre historique - résultats
Vous n’avez pas pris ce quiz